Война: рассказы; Взятие редута; Севастополь в декабре месяце; Четыре дня; Красный смех; Корреспондент газеты; Война; Смерть Долгушова; Штабс-капитан Ротченко; Зверье; Мирослав воюет
| מחברים אחרים: | |
|---|---|
| סיכום: | В книгу о войне, составленную Захаром Прилепиным, вошли семнадцать рассказов, написанных в минувшие двести лет. Л.Толстой и П. Мериме, Э. Хемингуэй и В. Быков, А. Конан Дойл и Вс. Иванов, Ж-П. Шаброль и Евг. Носов принадлежат разным странам и поколениям, они писали на разных языках и о разных войнах, которые им довелось пережить. И все же об одном и том же: что происходит с человеком, «поставленным перед Бездной и вглядывающимся в нее». |
| שפה: | רוסית |
| יצא לאור: |
Москва, АСТ, 2009
|
| TOC: | П. Мериме, Взятие редута; Л. Н. Толстой, Севастополь в декабре месяце; В. М. Гаршин, Четыре дня; Л. Н. Андреев, Красный смех; А. К. Дойль, Корреспондент газеты; Д. Лондон, Война; И. Э. Бабель, Смерть Долгушова; М. Л. Слонимский, Штабс-капитан Ротченко; В. Иванов, Зверье; М. Залка, Мирослав воюет; |
| נושאים: | |
| פורמט: | MixedMaterials ספר |
| KOHA link: | https://koha.lib.tpu.ru/cgi-bin/koha/opac-detail.pl?biblionumber=154027 |
MARC
| LEADER | 00000nam0a2200000 4500 | ||
|---|---|---|---|
| 001 | 154027 | ||
| 005 | 20231031151634.0 | ||
| 010 | |a 9785170545414 |b (в пер.) |b 5000 экз. | ||
| 010 | |a 978-5-271-21542-1 | ||
| 021 | |a RU |b 08-90717 |9 08-5301 | ||
| 035 | |a (RuTPU)RU\TPU\book\167078 | ||
| 090 | |a 154027 | ||
| 100 | |a 20081210d2008 m y0rusy5002 ca | ||
| 101 | 0 | |a rus | |
| 102 | |a RU | ||
| 105 | |a y z 000ay | ||
| 200 | 1 | |a Война |e рассказы |f сост. З. Прилепин | |
| 210 | |a Москва |c АСТ |c Астрель |d 2009 | ||
| 215 | |a 507, [2] с. |d 21 см. | ||
| 330 | |a В книгу о войне, составленную Захаром Прилепиным, вошли семнадцать рассказов, написанных в минувшие двести лет. Л.Толстой и П. Мериме, Э. Хемингуэй и В. Быков, А. Конан Дойл и Вс. Иванов, Ж-П. Шаброль и Евг. Носов принадлежат разным странам и поколениям, они писали на разных языках и о разных войнах, которые им довелось пережить. И все же об одном и том же: что происходит с человеком, «поставленным перед Бездной и вглядывающимся в нее». | ||
| 464 | |t Взятие редута |f П. Мериме | ||
| 464 | |t Севастополь в декабре месяце |f Л. Н. Толстой | ||
| 464 | |t Четыре дня |f В. М. Гаршин | ||
| 464 | |t Красный смех |f Л. Н. Андреев | ||
| 464 | |t Корреспондент газеты |f А. К. Дойль | ||
| 464 | |t Война |f Д. Лондон | ||
| 464 | |t Смерть Долгушова |f И. Э. Бабель | ||
| 464 | |t Штабс-капитан Ротченко |f М. Л. Слонимский | ||
| 464 | |t Зверье |f В. Иванов | ||
| 464 | |t Мирослав воюет |f М. Залка | ||
| 610 | 1 | |a русская литература | |
| 610 | 1 | |a рассказы | |
| 610 | 1 | |a зарубежная литература | |
| 610 | 1 | |a войны | |
| 610 | 1 | |a военная проза | |
| 675 | |a Р2 |v 3 |z rus | ||
| 675 | |a 89 |v 3 | ||
| 702 | 1 | |a Прилепин |b З. |c настоящее имя и фамилия Евгений Николаевич Прилепин |c русский писатель |c шеф-редактор сайта «Свободная пресса». Колумнист газеты «Известия». Секретарь Союза писателей России. Ведущий авторских программ «Соль» и «Чай с Захаром» на телеканалах РЕН ТВ и ЦАРЬГРАД. |c неоднократный лауреат литературных премий |f 1975- |g Захар |2 stltpush |3 (RuTPU)RU\TPU\pers\37928 |4 220 | |
| 801 | 1 | |a RU |b 63413507 |c 20090219 |g PSBO | |
| 801 | 2 | |a RU |b 63413507 |c 20170217 |g PSBO | |
| 942 | |c BK | ||
| 959 | |a 30/20090218 |d 1 |e 414,92 |f ХФ:1 | ||